00661nam a2200181 a 4500008004100000050001800041100001900059245005300078246001900131250001200150260003200162300001300194350000900207700002200216995009000238999001700328952013400345120416s1981 ||||||||||||||||| || u aHF 5415.2 Boy aBoyd, Harper W10aTeacher's manual for use with marketing research atext and cases a5th ed. aHomewood, Ill.bIrwinc1981 av, 414p. a0.00 aStasch, Stanley F D0.00FCBU-MAIN LIBRARY (Kitwe)H1I0.00UDAMAGEDZMain Library Open Access Collection c59463d59463 00102lcc4070a001b001cMain Library Open Access Collectiond2022-11-30l0oHF 5415.2 Boyp005663r2022-11-30w2022-11-30y002